Library Banner

Introductory algebra / (Record no. 117696)

MARC details
000 -LEADER
fixed length control field 00645cam a22002294a 4500
001 - CONTROL NUMBER
control field 15312882
005 - DATE AND TIME OF LATEST TRANSACTION
control field 20200619120246.0
008 - FIXED-LENGTH DATA ELEMENTS--GENERAL INFORMATION
fixed length control field 080602s2010 maua 001 0 eng
020 ## - INTERNATIONAL STANDARD BOOK NUMBER
International Standard Book Number 9781292246123 (pbk)
040 ## - CATALOGING SOURCE
Transcribing agency PK-LaUMT
082 00 - DEWEY DECIMAL CLASSIFICATION NUMBER
Classification number 512.9
Edition number 22
Item number LIA-I
100 1# - MAIN ENTRY--PERSONAL NAME
Personal name Lial, Margaret L.
245 10 - TITLE STATEMENT
Title Introductory algebra /
Statement of responsibility, etc by Margaret L. Lial, John Hornsby and Terry McGinnis
250 ## - EDITION STATEMENT
Edition statement 11th ed.
260 ## - PUBLICATION, DISTRIBUTION, ETC. (IMPRINT)
Place of publication, distribution, etc Harlow :
Name of publisher, distributor, etc Pearson,
Date of publication, distribution, etc 2019
300 ## - PHYSICAL DESCRIPTION
Extent 746 p. :
Other physical details ill. (chiefly col.) ;
Dimensions 28 cm. +
500 ## - GENERAL NOTE
General note Includes index.
650 #0 - SUBJECT ADDED ENTRY--TOPICAL TERM
Topical term or geographic name as entry element Algebra
700 1# - ADDED ENTRY--PERSONAL NAME
Personal name Hornsby, John,
700 1# - ADDED ENTRY--PERSONAL NAME
Personal name McGinnis, Terry.
942 ## - ADDED ENTRY ELEMENTS (KOHA)
Koha item type Books
Holdings
Withdrawn status Lost status Damaged status Home library Current library Date acquired Full call number Barcode Date last seen Price effective from Koha item type
      UMT Main Campus UMT Main Campus 2020-06-19 512.9 LIA-I 133941 2020-06-19 2020-06-19 Books